000 00517nam a2200181Ia 4500
005 20260605121922.0
008 131103s9999 xx 000 0 und d
040 _aLoreto College
041 _aEnglish
082 _a841.08
_bHAR
245 4 _aThe penguin book of french verse
_b The nineteenth century
_cIntroduced and Edited by Anthony Hartley
260 _aLondon
_bPenguin
_c1959
300 _a323p
650 _aFrench literature
700 _aHartley, Anthony; intr & ed.
850 _aLCLIB
942 _cBK
999 _c24328
_d74807